[Event "Viernheim"]
[Site "Viernheim"]
[Date "1992.??.??"]
[Round "8"]
[White "Rausis, Igors"]
[Black "Schlindwein, Rolf"]
[Result "1/2-1/2"]
[WhiteElo "2490"]
[BlackElo "2225"]
[PlyCount "108"]
[EventDate "1992.??.??"]
[Source "ChessBase"]

1. e4 e5 2. Nf3 Nc6 3. Be2 Nf6 4. d3 Bc5 5. c3 d6 6. b4 Bb6 7. O-O Ne7 8. Nbd2 c6 9. d4 Ng6 10. Re1 O-O 11. Bf1 Be6 12. a4 Bc7 13. Qc2 Re8 14. dxe5 Ng4 15. Nd4 N4xe5 16. Nxe6 Rxe6 17. g3 Nh4 18. Qd1 Bb6 19. a5 Bxf2+ 20. Kxf2 Qf6+ 21. Kg1 Nhf3+ 22. Kg2 Nxe1+ 23. Qxe1 d5 24. Be2 dxe4 25. Nxe4 Qe7 26. Bg5 f6 27. Bd2 Nf7 28. Bd3 Rd8 29. Qe2 f5 30. Re1 Kh8 31. Be3 fxe4 32. Bc4 Rf6 33. Bxa7 Nd6 34. Bd4 Nxc4 35. Qxc4 Qe6 36. Qe2 Rh6 37. h4 Re8 38. Qe3 Kg8 39. Qf4 Rh5 40. Rf1 Rd5 41. Qe3 Rf5 42. Re1 h6 43. Kh2 Qg6 44. Qe2 Rf3 45. Rg1 Kh7 46. Rg2 Qg4 47. b5 Qf5 48. bxc6 bxc6 49. a6 Rd3 50. a7 c5 51. Bxc5 Rxc3 52. Bd4 Rd3 53. Bg1 Qd5 54. Qa2 Qxa2 1/2-1/2

[Event "Dresden (22.02.-28.02)"]
[Site "?"]
[Date "2004.02.??"]
[Round "2"]
[White "Rosen Willy"]
[Black "Shabanov Yuri"]
[Result "0-1"]
[WhiteElo "2282"]
[BlackElo "2431"]
[PlyCount "111"]
[EventDate "2004.??.??"]
[Source "www.chesslib.no"]
[SourceDate "2004.05.04"]

1. e4 e5 2. Nf3 Nc6 3. Be2 d6 4. d4 Be7 5. d5 Nb8 6. c4 Bg4 7. Nc3 Nd7 8. O-O Bxf3 9. Bxf3 Bg5 10. b4 Bxc1 11. Rxc1 Ngf6 12. Na4 a5 13. a3 axb4 14. axb4 b6 15. c5 bxc5 16. bxc5 Nxc5 17. Nxc5 dxc5 18. Rxc5 O-O 19. Qc2 Ra7 20. Rc1 Ne8 21. g3 g6 22. Qc3 Qe7 23. Ra5 Rb7 24. Rc5 Ra7 25. Bg2 f5 26. exf5 gxf5 27. Rc6 Rf6 28. Qb3 Rxc6 29. Rxc6 Ra1+ 30. Bf1 Qa3 31. Qxa3 Rxa3 32. Re6 Nd6 33. Rxe5 Ra1 34. Kg2 Rd1 35. Be2 Rd4 36. h4 Kf7 37. h5 Re4 38. f4 Kf6 39. Rxe4 Nxe4 40. Bf3 Nd2 41. Kf2 Ke7 42. Ke3 Nxf3 43. Kxf3 Kd6 44. g4 fxg4+ 45. Kxg4 Kxd5 46. Kg5 c5 47. Kh6 c4 48. Kxh7 c3 49. h6 c2 50. Kg7 c1=Q 51. h7 Qg1+ 52. Kf7 Qh2 53. Kg7 Qg3+ 54. Kf7 Qxf4+ 55. Kg7 Qc7+ 56. Kg8 0-1

[Event "BL2-S 9192"]
[Site "GER"]
[Date "1992.??.??"]
[Round "?"]
[White "Seret, Jean-Luc"]
[Black "Heidenfeld, Mark"]
[Result "1-0"]
[WhiteElo "2415"]
[BlackElo "2295"]
[PlyCount "89"]
[EventDate "1991.10.??"]
[Source "www.chesslib.no"]
[SourceDate "2004.05.04"]

1. e4 e5 2. Nf3 Nc6 3. Be2 Nf6 4. d3 d5 5. Nbd2 Bc5 6. c3 O-O 7. b4 Bb6 8. O-O Re8 9. Bb2 Bg4 10. a3 dxe4 11. dxe4 Qe7 12. h3 Bxf3 13. Bxf3 Rad8 14. Qc2 Qe6 15. Rad1 a6 16. Bc1 Re7 17. Nb1 Red7 18. Rxd7 Rxd7 19. Be2 h6 20. Nd2 Ne7 21. Nc4 Ba7 22. Na5 c6 23. Nb3 Ng6 24. Be3 Bxe3 25. fxe3 Qe7 26. Nc5 Rd6 27. Bc4 Nf8 28. a4 Qc7 29. Qa2 Qe7 30. a5 Rd8 31. Kh2 Rd6 32. Qe2 Rd8 33. Rf2 Rd6 34. Qf3 g6 35. g4 Kg7 36. Qg2 N8h7 37. h4 g5 38. h5 Nf8 39. Kh3 Ne6 40. Bxe6 fxe6 41. Qg3 Rd1 42. Qxe5 Rh1+ 43. Kg2 Rh4 44. Nd7 Rxg4+ 45. Kf1 1-0

[Event "FRA-ch"]
[Site "FRA"]
[Date "1991.??.??"]
[Round "11"]
[White "Seret, Jean Luc"]
[Black "Fayard, Alain"]
[Result "1-0"]
[WhiteElo "2425"]
[BlackElo "2285"]
[PlyCount "97"]
[EventDate "1991.08.??"]
[Source "ChessBase"]

1. e4 e5 2. Nf3 Nc6 3. Be2 Nf6 4. d3 Be7 5. c3 O-O 6. b4 a6 7. O-O d5 8. Nbd2 Re8 9. Bb2 Bf8 10. a3 Bg4 11. h3 Bd7 12. Re1 h6 13. Bf1 dxe4 14. dxe4 g6 15. c4 Bg7 16. b5 Nd4 17. bxa6 Rxa6 18. c5 Ba4 19. Qc1 Ra8 20. Nxd4 exd4 21. Qc4 Bc6 22. e5 Ra4 23. Qc2 Nh5 24. e6 f5 25. Nf3 Nf4 26. Rad1 Nxh3+ 27. gxh3 Bxf3 28. e7 Rxe7 29. Rxe7 Qxe7 30. Qb3+ Kh7 31. Qxf3 Qxc5 32. Qxb7 Qe5 33. Qb5 Ra5 34. Qxe5 Bxe5 35. Rc1 c5 36. Re1 Bf6 37. Re6 Kg7 38. Ra6 Rxa6 39. Bxa6 Kf7 40. a4 Ke7 41. a5 Kd6 42. Bc4 Bd8 43. a6 Kc6 44. Bc1 g5 45. h4 f4 46. Kg2 Be7 47. Kf3 Bd8 48. Bd2 Kb6 49. Ba5+ 1-0

[Event "BL2-S 9293"]
[Site "GER"]
[Date "1993.??.??"]
[Round "?"]
[White "Miltner, Arndt"]
[Black "Renner, Christoph"]
[Result "0-1"]
[WhiteElo "2320"]
[BlackElo "2385"]
[PlyCount "78"]
[EventDate "1992.10.??"]
[Source "www.chesslib.no"]
[SourceDate "2004.05.04"]

1. e4 e5 2. Nf3 Nc6 3. Be2 Nf6 4. d3 g6 5. c3 Bg7 6. b4 d6 7. Nbd2 O-O 8. Bb2 Nh5 9. g3 Bh3 10. Nc4 h6 11. Ne3 Nf6 12. Qc2 Qd7 13. a3 Ng4 14. Nxg4 Bxg4 15. Nh4 Bh3 16. O-O-O a5 17. b5 Na7 18. c4 c6 19. b6 Nc8 20. d4 exd4 21. Bxd4 Bxd4 22. Rxd4 c5 23. Rd2 Qe7 24. f4 Ra6 25. Bf3 Rxb6 26. Re2 g5 27. Qc3 gxh4 28. gxh4 d5 29. cxd5 Qf6 30. Qxf6 Rxf6 31. f5 Re8 32. Rg1+ Kf8 33. Kd2 Nd6 34. Ke1 Bxf5 35. e5 Bd3 36. exf6 Bxe2 37. Bxe2 Re5 38. Rg3 Nf5 39. Rb3 Rxe2+ 0-1

[Event "Sollentuna Open"]
[Site "Sollentuna"]
[Date "1995.??.??"]
[Round "4"]
[White "Lind, Jan-Olov"]
[Black "Lejlic, Samir"]
[Result "1/2-1/2"]
[WhiteElo "2270"]
[BlackElo "2425"]
[PlyCount "96"]
[EventDate "1995.??.??"]
[Source "www.chesslib.no"]
[SourceDate "2004.05.04"]

1. e4 e5 2. Nf3 Nc6 3. Be2 d6 4. d3 g6 5. c3 Bg7 6. O-O Nf6 7. Nbd2 O-O 8. Re1 a5 9. Bf1 a4 10. h3 d5 11. Rb1 h6 12. b4 axb3 13. axb3 Be6 14. b4 b5 15. Qc2 Qb8 16. Bb2 Re8 17. Ra1 Rxa1 18. Rxa1 Bf8 19. Nb3 Nd7 20. Na5 Nxa5 21. Rxa5 c6 22. h4 Nb6 23. h5 g5 24. Nh2 dxe4 25. dxe4 Na4 26. Bc1 Bd6 27. Be3 Bc7 28. Bb6 Nxb6 29. Be2 Rd8 30. Ra1 Kg7 31. Nf1 Rd7 32. Ne3 Qd8 33. Rd1 Rxd1+ 34. Bxd1 Qa8 35. Qd2 Qa1 36. Kh2 Na4 37. Bxa4 bxa4 38. Nd1 a3 39. Qd6 Kh7 40. Ne3 Qxc3 41. Qf8 Qb3 42. Nf5 Bxf5 43. exf5 Qc4 44. g3 Qa2 45. Kg2 Qd5+ 46. Kh2 Qa2 47. Kg2 Qd5+ 48. Kh2 Qa2 1/2-1/2

[Event "BL2-S 9697"]
[Site "?"]
[Date "1996.??.??"]
[Round "?"]
[White "Seret Jean Luc"]
[Black "Schwalfenberg Joerg"]
[Result "0-1"]
[WhiteElo "2375"]
[BlackElo "2320"]
[PlyCount "72"]
[EventDate "1996.??.??"]
[Source "www.chesslib.no"]
[SourceDate "2004.05.04"]

1. e4 e5 2. Nf3 Nc6 3. Be2 Nf6 4. d3 d5 5. Nbd2 a5 6. O-O Be7 7. Re1 O-O 8. Bf1 Bc5 9. c3 a4 10. h3 Re8 11. Qc2 Be6 12. b4 axb3 13. Nxb3 Bd6 14. Ng5 Ba3 15. Nxe6 fxe6 16. Bg5 Be7 17. Be2 Qd6 18. a4 Nd7 19. Bc1 Na5 20. Nd2 c6 21. Bh5 g6 22. Bg4 Nf8 23. d4 h5 24. Bf3 Bf6 25. Ba3 Qc7 26. Re2 Qg7 27. Rae1 exd4 28. exd5 cxd5 29. Bxd5 dxc3 30. Ne4 Be7 31. Bxe7 Rxe7 32. Ba2 Nc6 33. Qxc3 Rxa4 34. Qb3 Ra5 35. Rd2 Nd4 36. Qb2 Nc6 0-1

[Event "HUN-chT2"]
[Site "HUN"]
[Date "1993.??.??"]
[Round "?"]
[White "Sass, Viktor"]
[Black "Halasz, Tamas"]
[Result "0-1"]
[WhiteElo "2305"]
[BlackElo "2385"]
[PlyCount "46"]
[EventDate "1993.??.??"]
[Source "www.chesslib.no"]
[SourceDate "2004.05.04"]

1. e4 e5 2. Nf3 Nc6 3. Be2 Nf6 4. d3 d5 5. Nbd2 Bc5 6. c3 a5 7. O-O Ba7 8. h3 O-O 9. Re1 dxe4 10. dxe4 Be6 11. Ng5 Bd7 12. Bc4 Qe7 13. a4 Ng4 14. hxg4 Qxg5 15. Nf3 Qxg4 16. Qb3 Bc5 17. Be3 Bd6 18. Ng5 Qh5 19. Rad1 Nd8 20. Rd2 Qg6 21. g3 h6 22. Nf3 Qxe4 23. Bd5 Qxa4 0-1

[Event "CSR Ch"]
[Site "Bratislava SVK"]
[Date "1991.??.??"]
[Round "11"]
[White "Novak, Ivan"]
[Black "Votava, Jan"]
[Result "0-1"]
[WhiteElo "2300"]
[BlackElo "2380"]
[PlyCount "54"]
[EventDate "1991.??.??"]
[Source "www.chesslib.no"]
[SourceDate "2004.05.04"]

1. e4 e5 2. Nf3 Nc6 3. Be2 Nf6 4. d3 d5 5. exd5 Nxd5 6. O-O Be7 7. a3 a5 8. Re1 O-O 9. Bf1 Bg4 10. h3 Bh5 11. g4 Bg6 12. Nxe5 Nxe5 13. Rxe5 c6 14. Re1 Bd6 15. Nc3 f5 16. Nxd5 cxd5 17. Bg2 Qh4 18. Be3 h5 19. Qf3 Rad8 20. gxh5 Bxh5 21. Qxd5+ Kh8 22. Qc4 f4 23. Bb6 Rc8 24. Qd5 Rc6 25. Bd4 f3 26. Re6 Bf7 27. Qe4 Qg5 0-1

[Event "DEN-ch"]
[Site "Hjorring"]
[Date "1971.??.??"]
[Round "2"]
[White "Pedersen, Karl"]
[Black "Jacobsen, Bo"]
[Result "0-1"]
[WhiteElo "2370"]
[BlackElo "2310"]
[PlyCount "106"]
[EventDate "1971.??.??"]
[Source "ChessBase"]

1. e4 e5 2. Nf3 Nc6 3. Be2 Nf6 4. d3 d5 5. Nbd2 Be7 6. O-O O-O 7. c3 Bg4 8. Re1 Re8 9. Qc2 Qd7 10. b4 Bd6 11. Bb2 a5 12. b5 Nd8 13. exd5 Nxd5 14. c4 Nf4 15. Bf1 f6 16. c5 Bf8 17. d4 Bf5 18. Qc3 e4 19. Nh4 Nd5 20. Qg3 Nf7 21. Bc4 c6 22. a4 g5 23. Nxf5 Qxf5 24. Qb3 Rad8 25. Nf1 Qe6 26. f3 f5 27. fxe4 fxe4 28. Ne3 Nh6 29. Bxd5 cxd5 30. Rf1 Bg7 31. Rac1 Ng4 32. Rcd1 Nxe3 33. Qxe3 h6 34. b6 Rf8 35. Rxf8+ Rxf8 36. Bc1 Qg4 37. Re1 Qd7 38. Qc3 Qxa4 39. Be3 Qb5 40. Qc2 a4 41. Rb1 Qc6 42. Ra1 Ra8 43. Ra3 Qb5 44. Qa2 Qc4 45. Qxc4 dxc4 46. Kf2 Kf7 47. d5 Bb2 48. Ra2 a3 49. c6 c3 50. Ke2 c2 51. c7 c1=Q 52. Bxc1 Bxc1 53. Rc2 Bb2 0-1

[Event "Sao Paulo Open"]
[Site "Sao Paulo BRA"]
[Date "1991.??.??"]
[Round "3"]
[White "Van Riemsdijk, Herman C"]
[Black "De Souza, Mauro Guimaraes"]
[Result "0-1"]
[WhiteElo "2450"]
[BlackElo "2225"]
[PlyCount "74"]
[EventDate "1991.??.??"]
[Source "www.chesslib.no"]
[SourceDate "2004.05.04"]

1. e4 e5 2. Nf3 Nc6 3. Be2 Nf6 4. d3 d5 5. Nbd2 Bc5 6. c3 a5 7. Qc2 O-O 8. Nb3 Ba7 9. Bg5 h6 10. Bxf6 Qxf6 11. exd5 Ne7 12. c4 c6 13. dxc6 Nxc6 14. O-O Bg4 15. Rae1 Rad8 16. Qc3 Qg6 17. Nxa5 Bh3 18. Nh4 Qg5 19. Nxc6 bxc6 20. Bf3 Bd4 21. Qc1 Qxh4 22. gxh3 Qxh3 23. Bg2 Qxd3 24. Bxc6 Qg6+ 25. Bg2 f5 26. Kh1 e4 27. f3 Qh5 28. fxe4 Be5 29. h3 Qh4 30. exf5 Qg3 31. Rxe5 Qxe5 32. c5 Rxf5 33. Rxf5 Qxf5 34. b4 Qf2 35. c6 Re8 36. Qc4+ Kh8 37. Qd5 Re1+ 0-1

[Event "HUN-JUG (Women)"]
[Site "Szeged"]
[Date "2000.06.26"]
[Round "2.4"]
[White "Chelushkina, Irina"]
[Black "Forgo, Eva"]
[Result "1-0"]
[WhiteElo "2398"]
[BlackElo "2258"]
[PlyCount "104"]
[EventDate "2000.06.25"]
[Source "ChessBase"]
[SourceDate "2000.07.11"]

1. e4 e5 2. Nf3 Nc6 3. Be2 Nf6 4. d3 d5 5. Nbd2 Bc5 6. O-O O-O 7. c3 Bb6 8. a4 a5 9. exd5 Nxd5 10. Nc4 Re8 11. Nxb6 Nxb6 12. Ng5 h6 13. Ne4 Nd5 14. Re1 Bf5 15. Qb3 Rb8 16. Bf3 b6 17. Bxh6 Be6 18. Bg5 f6 19. Bh4 Nce7 20. c4 Nb4 21. Bxf6 Qxd3 22. Qxd3 Nxd3 23. Re3 Nxb2 24. Bh5 Bf7 25. Bxf7+ Kxf7 26. Bxe7 Rxe7 27. c5 Rd8 28. f3 Rd4 29. cxb6 cxb6 30. Nc3 Nc4 31. Re2 Red7 32. Kf2 Rd2 33. Ne4 Rxe2+ 34. Kxe2 Ke6 35. Rb1 Rd4 36. Rb5 g6 37. h4 Rd5 38. Ng5+ Kd6 39. Ne4+ Ke6 40. Rb1 Rd4 41. g4 Rd8 42. Rc1 Rd4 43. Kf2 Ke7 44. h5 gxh5 45. gxh5 Nd6 46. Rc7+ Kf8 47. Nf6 Nf5 48. Nd7+ Kg8 49. Nxe5 Rxa4 50. Ng4 Ra2+ 51. Ke1 Ra1+ 52. Kd2 Rh1 1-0

[Event "Zuerich Open"]
[Site "Zurich SUI"]
[Date "1988.??.??"]
[Round "4"]
[White "Rossi, Carlo"]
[Black "Silva Morales, Marco A"]
[Result "1/2-1/2"]
[WhiteElo "2325"]
[BlackElo "2325"]
[PlyCount "37"]
[EventDate "1988.??.??"]
[Source "www.chesslib.no"]
[SourceDate "2004.05.04"]

1. e4 e5 2. Nf3 Nc6 3. Be2 Nf6 4. d3 Bc5 5. c3 d5 6. Nbd2 a5 7. O-O dxe4 8. dxe4 O-O 9. Qc2 Qe7 10. Nc4 h6 11. Ne3 Rd8 12. b3 Be6 13. a3 Ba7 14. a4 Ng4 15. Nc4 Rab8 16. Ba3 Bc5 17. Bxc5 Qxc5 18. h3 Nf6 19. Rfd1 1/2-1/2

[Event "Budapest FS05 IM"]
[Site "Budapest HUN"]
[Date "1993.??.??"]
[Round "8"]
[White "Payen, Arnaud"]
[Black "Brglez, Rado"]
[Result "1-0"]
[WhiteElo "2340"]
[BlackElo "2300"]
[PlyCount "79"]
[EventDate "1993.05.??"]
[Source "www.chesslib.no"]
[SourceDate "2004.05.04"]

1. e4 e5 2. Nf3 Nc6 3. Be2 Nf6 4. d3 d5 5. Nbd2 Bc5 6. O-O O-O 7. c3 a5 8. exd5 Qxd5 9. Nc4 Ba7 10. Bg5 Nd7 11. Ne3 Qd6 12. Nf5 Qe6 13. N3h4 h6 14. Bd2 Qf6 15. Bg4 Nc5 16. Qf3 e4 17. dxe4 Ne5 18. Qe2 g5 19. Kh1 gxh4 20. Nxh6+ Kh7 21. Bxc8 Raxc8 22. Qh5 Qg6 23. Qxh4 Rfe8 24. Nxf7+ Kg7 25. Nxe5 Rxe5 26. Bh6+ Kg8 27. Be3 Rxe4 28. Qh3 Rce8 29. Rad1 c6 30. Bd4 b6 31. f4 Re2 32. f5 Qh7 33. Qg3+ Kf7 34. f6 Bb8 35. Bxc5 Bxg3 36. Rd7+ Kg6 37. Rxh7 Kxh7 38. f7 Re1 39. fxe8=Q Rxf1+ 40. Bg1 1-0

[Event "FRA Team Ch"]
[Site "France"]
[Date "1992.??.??"]
[Round "?"]
[White "Rause, Olita"]
[Black "Anic, Darko"]
[Result "1/2-1/2"]
[WhiteElo "2230"]
[BlackElo "2405"]
[PlyCount "121"]
[EventDate "1992.??.??"]
[Source "www.chesslib.no"]
[SourceDate "2004.05.04"]

1. e4 e5 2. Nf3 Nc6 3. Be2 Nf6 4. d3 d5 5. Nbd2 Be7 6. c3 a5 7. O-O O-O 8. Re1 Re8 9. Qc2 Bf8 10. Nf1 h6 11. Ng3 g6 12. Bd2 Be6 13. h3 a4 14. b4 axb3 15. axb3 d4 16. Qb2 Rxa1 17. Rxa1 Nd7 18. b4 b5 19. Rc1 Nb6 20. cxd4 Na4 21. Qa1 Nxd4 22. Nxd4 exd4 23. Bd1 Qd6 24. Ne2 Bg7 25. Qb1 Qb6 26. Bb3 c6 27. Nf4 Bxb3 28. Qxb3 Nc3 29. Kf1 Qc7 30. g3 Qd7 31. Kg2 Kh7 32. Ra1 f5 33. f3 fxe4 34. fxe4 Qe7 35. Qc2 Qf7 36. Bxc3 dxc3 37. Rf1 Qd7 38. Ne2 Rd8 39. Rf3 Qe7 40. Nxc3 Qxb4 41. Ne2 Qd6 42. d4 Rd7 43. e5 Qd5 44. Nf4 Qxd4 45. Qxg6+ Kh8 46. Ne6 Qd2+ 47. Rf2 Qd3 48. Qe8+ Kh7 49. h4 Qe4+ 50. Kh2 Qe1 51. Kg2 Qe4+ 52. Kh2 Ra7 53. Nf8+ Bxf8 54. Qxf8 Qxe5 55. Rf7+ Rxf7 56. Qxf7+ Qg7 57. Qf5+ Qg6 58. Qd7+ Kg8 59. Qd8+ Kf7 60. Qd7+ Kf8 61. Qd8+ 1/2-1/2

[Event "Doprastav op"]
[Site "?"]
[Date "1998.??.??"]
[Round "5"]
[White "Novak Ivan"]
[Black "Kujovic Michal"]
[Result "0-1"]
[WhiteElo "2350"]
[BlackElo "2280"]
[PlyCount "60"]
[EventDate "1998.??.??"]
[Source "www.chesslib.no"]
[SourceDate "2004.05.04"]

1. e4 e5 2. Nf3 Nc6 3. Be2 Nf6 4. d3 d5 5. Nbd2 Bc5 6. c3 a6 7. O-O O-O 8. b4 Ba7 9. Bb2 Bg4 10. Qc2 Nh5 11. Rfe1 Nf4 12. Bf1 dxe4 13. dxe4 Qf6 14. a4 Rad8 15. b5 Rxd2 16. Qxd2 Nh3+ 17. Kh1 Nxf2+ 18. Qxf2 Bxf2 19. Re2 Bc5 20. bxc6 Bxf3 21. gxf3 Qxf3+ 22. Rg2 Qxe4 23. cxb7 Qxb7 24. Rd1 Qb3 25. Re1 Qxa4 26. Rxe5 Qd1 27. Rf5 g6 28. c4 Re8 29. Bc3 Kf8 30. Rf6 Re6 0-1

[Event "New York Open"]
[Site "Newark, NJ USA"]
[Date "1995.??.??"]
[Round "?"]
[White "Maldonado, Oscar"]
[Black "Vucic, Mladen"]
[Result "0-1"]
[WhiteElo "2250"]
[BlackElo "2375"]
[PlyCount "125"]
[EventDate "1995.04.12"]
[Source "www.chesslib.no"]
[SourceDate "2004.05.04"]

1. e4 e5 2. Nf3 Nc6 3. Be2 Nf6 4. d3 d5 5. Nbd2 Be7 6. O-O O-O 7. c3 Bg4 8. Qb3 a6 9. exd5 Nxd5 10. Re1 Be6 11. Qc2 Qd7 12. Bf1 f6 13. Nb3 Bg4 14. Be2 g5 15. Bd2 Kh8 16. Rad1 a5 17. a4 Bf5 18. Bc1 Nd8 19. Nbd2 Nf4 20. Ne4 Nxe2+ 21. Rxe2 Nf7 22. Nfd2 Rad8 23. Nc4 b6 24. Ree1 Qc6 25. f3 Bg6 26. b3 Kg7 27. Kh1 Rd7 28. Ne3 Rfd8 29. c4 Bb4 30. Re2 Qe6 31. Bb2 c6 32. Bc3 Bxc3 33. Qxc3 f5 34. Nf2 c5 35. Nd5 Rxd5 36. cxd5 Rxd5 37. Rde1 Qd6 38. Kg1 Rd4 39. Rd2 h5 40. Nd1 f4 41. Nb2 g4 42. Nc4 Qf6 43. fxg4 hxg4 44. Qc2 g3 45. h3 Bf5 46. Qd1 Rd7 47. Qe2 Re7 48. Qh5 Re8 49. Qf3 Re6 50. Qb7 Kg6 51. Qa8 Kh7 52. Qf8 Qg6 53. Qa8 Kg7 54. Qb7 Qf6 55. Rde2 Bxd3 56. Re4 Bxe4 57. Rxe4 Kg6 58. Qb8 Kf5 59. Qa8 Qd8 60. Qxd8 Nxd8 61. Re1 Kf6 62. Nd2 Nc6 63. Kf1 0-1

[Event "BL2-S 9293"]
[Site "GER"]
[Date "1992.??.??"]
[Round "?"]
[White "Miltner, Arndt"]
[Black "Osieka, Udo"]
[Result "1/2-1/2"]
[WhiteElo "2320"]
[BlackElo "2300"]
[PlyCount "143"]
[EventDate "1992.10.??"]
[Source "www.chesslib.no"]
[SourceDate "2004.05.04"]

1. e4 e5 2. Nf3 Nc6 3. Be2 Nf6 4. d3 g6 5. O-O Bg7 6. c3 a5 7. b3 O-O 8. a3 d6 9. Bb2 Nh5 10. g3 f5 11. exf5 Bxf5 12. Nh4 Bh3 13. Ng2 Qd7 14. Nd2 Nf6 15. b4 Kh8 16. Ne4 Nxe4 17. dxe4 Qf7 18. Bg4 Bxg4 19. Qxg4 axb4 20. axb4 Rxa1 21. Bxa1 Nb8 22. Bb2 Nd7 23. Qe2 Ra8 24. c4 Nf6 25. f3 Ne8 26. Ne3 Qd7 27. Nd5 Kg8 28. Rd1 Qf7 29. Kg2 Nf6 30. Qc2 Nxd5 31. cxd5 Qd7 32. Bc1 Bf6 33. Be3 Bd8 34. Qc4 Qa4 35. Rd2 Qa3 36. Bf2 Qa4 37. f4 exf4 38. gxf4 Qd7 39. e5 Qf5 40. Re2 Be7 41. Bg3 h5 42. Qe4 Qxe4+ 43. Rxe4 Ra2+ 44. Kf3 Ra3+ 45. Ke2 b5 46. e6 Ra2+ 47. Kd3 h4 48. Bxh4 Bxh4 49. e7 Bxe7 50. Rxe7 Rxh2 51. Rxc7 Rb2 52. Rd7 Rb3+ 53. Ke4 Rxb4+ 54. Ke3 Rb3+ 55. Ke4 Rb4+ 56. Ke3 Rb1 57. Rxd6 Kf7 58. Rb6 b4 59. Kd4 b3 60. Ke5 b2 61. Rb7+ Ke8 62. Kf6 Kd8 63. d6 g5 64. fxg5 Rf1+ 65. Ke6 Re1+ 66. Kf7 b1=Q 67. Rxb1 Rxb1 68. g6 Rf1+ 69. Ke6 Rg1 70. Kf7 Kd7 71. g7 Rf1+ 72. Kg6 1/2-1/2

[Event "JUG-chT2"]
[Site "Becici"]
[Date "1993.??.??"]
[Round "?"]
[White "Dostan, Janos"]
[Black "Jakovljevic, Vladan"]
[Result "0-1"]
[WhiteElo "2270"]
[BlackElo "2330"]
[PlyCount "116"]
[EventDate "1993.??.??"]
[Source "www.chesslib.no"]
[SourceDate "2004.05.04"]

1. e4 e5 2. Nf3 Nc6 3. Be2 Nf6 4. d3 d5 5. Nbd2 Bc5 6. O-O Be6 7. c3 a5 8. b3 Qe7 9. Bb2 O-O 10. a3 Rfd8 11. Qc2 Ba7 12. Rac1 Bg4 13. b4 dxe4 14. dxe4 Nh5 15. b5 Nf4 16. Nc4 Nb8 17. Rcd1 Nd7 18. Bc1 Nxe2+ 19. Qxe2 a4 20. h3 Bh5 21. g4 Bg6 22. Kg2 Bc5 23. h4 h5 24. g5 Qe6 25. Rxd7 Qg4+ 26. Kh1 Bxe4 27. Rxf7 Qh3+ 28. Kg1 Qg3+ 29. Kh1 Qh3+ 30. Kg1 Bd3 31. Qxd3 Rxd3 32. Ncxe5 Rd5 33. Bf4 Re8 34. g6 Bd6 35. Re1 Bxe5 36. Bxe5 Rexe5 37. Nxe5 Qxc3 38. Nf3 Rd8 39. Ree7 Rc8 40. Ne5 Qe1+ 41. Kh2 Kh8 42. Kg2 Qe4+ 43. f3 Qe2+ 44. Kg3 Qe1+ 45. Kh3 Qf1+ 46. Kg3 Qe1+ 47. Kf4 Qxh4+ 48. Kf5 Rg8 49. Rxc7 Re8 50. Rxg7 Qh3+ 51. Ke4 Qh4+ 52. f4 Qh1+ 53. Kf5 Qh3+ 54. Ke4 Qh1+ 55. Kd4 Rd8+ 56. Kc5 Qg1+ 57. Kb4 Qd4+ 58. Nc4 Qxg7 0-1

[Event "8. Open"]
[Site "?"]
[Date "1997.01.12"]
[Round "2"]
[White "Sklavounos Panayotis"]
[Black "Skembris Spyridon"]
[Result "0-1"]
[WhiteElo "2150"]
[BlackElo "2450"]
[PlyCount "90"]
[EventDate "1997.??.??"]
[Source "www.chesslib.no"]
[SourceDate "2004.05.04"]

1. e4 e5 2. Nf3 Nc6 3. Be2 Nf6 4. d3 d5 5. Nbd2 g6 6. O-O Bg7 7. c3 O-O 8. b4 a6 9. Qe1 Nh5 10. Nb3 Re8 11. Bg5 Qd6 12. a3 h6 13. Bh4 Nf4 14. Bg3 dxe4 15. dxe4 Nxe2+ 16. Qxe2 b6 17. Rad1 Qe6 18. Nfd2 a5 19. Qc4 axb4 20. axb4 Ra3 21. Rb1 Rd8 22. b5 Qxc4 23. Nxc4 Rxb3 24. bxc6 Rxc3 25. Rfc1 Rxc1+ 26. Rxc1 f6 27. f4 b5 28. Ne3 Be6 29. Nd5 Bxd5 30. Rd1 b4 31. exd5 b3 32. fxe5 fxe5 33. Kf2 b2 34. Ke3 Rxd5 35. Rb1 e4 36. Kxe4 Rc5 37. Bf4 Rc4+ 38. Kf3 Rxc6 39. Ke2 Rc2+ 40. Kd1 Rxg2 41. Bxc7 Kf7 42. h4 Ke6 43. Bb6 Kd5 44. Ke1 Kc4 45. Bf2 Bd4 0-1

[Event "HUN Team Ch 9394"]
[Site "HUN"]
[Date "1994.??.??"]
[Round "?"]
[White "Zila, Laszlo"]
[Black "Borsos, Bogdan"]
[Result "1/2-1/2"]
[WhiteElo "2230"]
[BlackElo "2370"]
[PlyCount "32"]
[EventDate "1993.??.??"]
[Source "www.chesslib.no"]
[SourceDate "2004.05.04"]

1. e4 e5 2. Nf3 Nc6 3. Be2 Nf6 4. d3 Bc5 5. O-O d6 6. c3 Bg4 7. h3 Bh5 8. Bg5 h6 9. Bh4 g5 10. Bg3 Qe7 11. Nbd2 Bg6 12. b4 Bb6 13. a4 a5 14. b5 Nb8 15. Nc4 Nbd7 16. Nxb6 Nxb6 1/2-1/2

[Event "CZE Ch"]
[Site "Czech Republic"]
[Date "1993.??.??"]
[Round "1"]
[White "Bures, Martin R"]
[Black "Sosna, Jan"]
[Result "1/2-1/2"]
[WhiteElo "2215"]
[BlackElo "2375"]
[PlyCount "35"]
[EventDate "1993.??.??"]
[Source "www.chesslib.no"]
[SourceDate "2004.05.04"]

1. e4 e5 2. Nf3 Nc6 3. Be2 Nf6 4. d3 d5 5. Nbd2 Bc5 6. c3 a5 7. b3 O-O 8. O-O Bg4 9. Bb2 Re8 10. a3 Bb6 11. b4 Qe7 12. Qc2 d4 13. cxd4 Bxf3 14. Nxf3 Nxd4 15. Nxd4 Bxd4 16. Bxd4 exd4 17. Qc4 Qd6 18. b5 1/2-1/2

[Event "Zlatibor"]
[Site "?"]
[Date "2006.08.31"]
[Round "6"]
[White "Stojanovic Andjelija"]
[Black "Prudnikova Svetlana"]
[Result "1/2-1/2"]
[WhiteElo "2239"]
[BlackElo "2351"]
[PlyCount "67"]
[EventDate "2006.??.??"]
[Source "www.chesslib.no"]
[SourceDate "2004.05.04"]

1. e4 e5 2. Nf3 Nc6 3. Be2 Nf6 4. d3 d5 5. exd5 Nxd5 6. O-O Be7 7. Re1 O-O 8. c3 f5 9. b4 a6 10. a3 Bf6 11. Bf1 Kh8 12. Qc2 Bd7 13. Nbd2 Nxc3 14. Qxc3 e4 15. d4 exf3 16. Nxf3 Be8 17. Bb2 Qd6 18. Ne5 Rd8 19. Rad1 Ne7 20. Qf3 Bc6 21. Nxc6 Nxc6 22. d5 Bxb2 23. dxc6 Qxc6 24. Qxc6 bxc6 25. Rxd8 Rxd8 26. Re3 g6 27. Bxa6 Ra8 28. Bb7 Rxa3 29. Re8+ Kg7 30. g3 Kf7 31. Rc8 Be5 32. Bxc6 g5 33. Ba8 Rxa8 34. Rxa8 1/2-1/2

[Event "Ch Hungary team"]
[Site "?"]
[Date "2001.??.??"]
[Round "9"]
[White "Pfeifer Tamas"]
[Black "Kotan Ladislav"]
[Result "0-1"]
[WhiteElo "2215"]
[BlackElo "2372"]
[PlyCount "66"]
[EventDate "2001.??.??"]
[Source "www.chesslib.no"]
[SourceDate "2004.05.04"]

1. e4 e5 2. Nf3 Nc6 3. Be2 Nf6 4. d3 d5 5. Nbd2 Bc5 6. O-O O-O 7. c3 a5 8. b3 Qe7 9. Bb2 Rd8 10. Qc2 Ba7 11. a3 Nh5 12. b4 Nf4 13. Rfe1 dxe4 14. Nxe4 Nxe2+ 15. Qxe2 f6 16. b5 Nb8 17. a4 Nd7 18. d4 exd4 19. Qc4+ Qf7 20. Qxc7 Bb6 21. Qg3 d3 22. c4 Qg6 23. Qd6 f5 24. Qd5+ Qf7 25. Qxf7+ Kxf7 26. Nd6+ Kf8 27. Nxf5 Nc5 28. Bxg7+ Kg8 29. N3h4 d2 30. Red1 Ne4 31. Be5 Nxf2 32. Kf1 Nxd1 33. Rxd1 Be6 0-1

[Event "DEN Team Ch"]
[Site "Denmark"]
[Date "1991.??.??"]
[Round "4"]
[White "Pedersen, Steffen"]
[Black "Pedersen, Karsten"]
[Result "0-1"]
[WhiteElo "2280"]
[BlackElo "2305"]
[PlyCount "62"]
[EventDate "1991.??.??"]
[Source "www.chesslib.no"]
[SourceDate "2004.05.04"]

1. e4 e5 2. Nf3 Nc6 3. Be2 Nf6 4. d3 g6 5. c3 d6 6. Nbd2 Bg7 7. b4 Qe7 8. a3 O-O 9. Nc4 d5 10. Ncd2 dxe4 11. dxe4 Nh5 12. O-O Nf4 13. Bc4 Bg4 14. Qc2 Rad8 15. h3 Be6 16. Re1 Rd7 17. Bf1 Qf6 18. Nh2 h5 19. Nb3 b6 20. Be3 g5 21. Rad1 Rxd1 22. Rxd1 Ne7 23. Nc1 Qg6 24. Kh1 Kh8 25. Ne2 Nfd5 26. Bc1 Nf6 27. f3 g4 28. h4 g3 29. Nxg3 Qxg3 30. Bg5 Ng6 31. Qd2 Nh7 0-1

[Event "HUN-chT2 9596"]
[Site "HUN"]
[Date "1996.??.??"]
[Round "9"]
[White "Horvath, Jeno Kalman"]
[Black "Meleghegyi, Csaba"]
[Result "1/2-1/2"]
[WhiteElo "2185"]
[BlackElo "2400"]
[PlyCount "33"]
[EventDate "1995.??.??"]
[Source "www.chesslib.no"]
[SourceDate "2004.05.04"]

1. e4 e5 2. Nf3 Nc6 3. Be2 Nf6 4. d3 g6 5. O-O Bg7 6. c3 a5 7. Re1 O-O 8. Bf1 d6 9. Nbd2 Nh5 10. Nc4 Be6 11. g3 Bxc4 12. dxc4 Qe7 13. Bh3 Nd8 14. Bg5 Bf6 15. Bh6 Bg7 16. Bg5 Bf6 17. Bh6 1/2-1/2